00521nam a2200193 a 4500001001300000003000900013005001700022008004100039020002400080082001700104100001800121245006300139260003000202300000900232500003500241505001000276650002300286700001800309nice12345678IN_TiNIC20260116013143.0050524s1991 hama grp 000 0 eng  a0860789 c366300a181.07bFAK1 aFakhry, Majid aPhilosophy, Dogma and the Impact of Greek Thought in Islam aHampshirebVariorumc1991 a184p aincludes index and biblioraphy2 aIndex aPhilosophy-Islamic1 aFakhry, Majid